Horší časy máme před sebou

Model na bankové riziká. Úverové riziko bánk. Pohľad do budúcnosti cez zákazky a tržby z exportu, cez zamestnanosť v sektore a cez produktivitu práce.

Enregistré dans:
Détails bibliographiques
Auteur principal: Michl, Aleš
Format: Chapitre de livre
Langue:tchèque
Sujets:
Tags: Ajouter un tag
Pas de tags, Soyez le premier à ajouter un tag!

MARC

LEADER 00000naa$a2200000$$$4500
001 0094168
005 20231129092559.0
041 0 |a cze 
044 |a CZ 
245 1 0 |a Horší časy máme před sebou  |c Aleš Michl 
520 |a Model na bankové riziká. Úverové riziko bánk. Pohľad do budúcnosti cez zákazky a tržby z exportu, cez zamestnanosť v sektore a cez produktivitu práce. 
610 2 0 |a banky 
610 2 0 |a riziko 
610 2 0 |a riziko úverové 
610 2 0 |a firmy 
610 2 0 |a zamestnanosť 
100 1 |a Michl, Aleš